[Event "Mechanics' Leighton Allen TNM; G/2"]
[Site "San Francisco"]
[Date "2015.08.25"]
[Round "4.14"]
[White "McKellar, Daniel"]
[Black "Gerwin, Gene"]
[Result "0-1"]
[WhiteElo "1615"]
[BlackElo "1822"]
[PlyCount "70"]
[EventDate "2015.??.??"]

1. d4 e6 2. Bf4 g6 3. Nf3 d6 4. e3 b6 5. c4 h6 6. h3 a6 7. Nc3 Bg7 8. Be2 Ne7
9. O-O Bb7 10. Rc1 Nd7 11. b4 O-O 12. Qd2 Kh7 13. Rfe1 f5 14. d5 Bxc3 15. Qxc3
exd5 16. Nd4 Rf6 17. Bf3 Ne5 18. Be2 c5 19. Bxe5 dxe5 20. Nf3 d4 21. exd4 cxd4
22. Qd2 Bxf3 23. Bxf3 e4 24. Bd1 Nc6 25. Bb3 Ne5 26. Re2 Rc8 27. Rd1 d3 28. Re3
Qd4 29. Rc1 Rfc6 30. a3 Nxc4 31. Bxc4 Rxc4 32. Rb1 Rc2 33. Qd1 f4 34. Re1 Qxf2+
35. Kh1 Qxg2# 0-1

[Event "Mechanics' Spring TNM; G/2"]
[Site "San Francisco"]
[Date "2015.04.21"]
[Round "6.13"]
[White "McKellar, Daniel"]
[Black "Grey, Peter"]
[Result "0-1"]
[WhiteElo "1674"]
[BlackElo "2000"]
[PlyCount "86"]
[EventDate "2015.??.??"]

1. e4 c5 2. Nf3 e6 3. d4 cxd4 4. Nxd4 Nf6 5. Nc3 Nc6 6. Nxc6 bxc6 7. e5 Nd5 8.
Ne4 Qc7 9. f4 Qb6 10. Qf3 Ba6 11. Bxa6 Qxa6 12. c3 Be7 13. f5 exf5 14. Qxf5 O-O
15. Bg5 f6 16. exf6 Nxf6 17. Qf1 Qxf1+ 18. Rxf1 Nxe4 19. Bxe7 Rfe8 20. O-O-O
Rxe7 21. Rf5 d5 22. Rdf1 Nd6 23. Rg5 Rae8 24. a4 Re1+ 25. Rxe1 Rxe1+ 26. Kc2
Kf7 27. Rg3 Rf1 28. Kd3 Kf6 29. b4 g5 30. Ke2 Rf4 31. Kd3 h5 32. Re3 g4 33. h3
gxh3 34. Rxh3 Kg5 35. Re3 Re4 36. Rf3 Nf5 37. a5 h4 38. a6 Rg4 39. Rf2 Rg3+ 40.
Kd2 Kf6 41. Re2 Nd6 42. Rf2+ Ke5 43. Re2+ Ne4+ 0-1

[Event "Mechanics' Winter TNM; 30/90, SD/30"]
[Site "San Francisco"]
[Date "2015.01.06"]
[Round "1.26"]
[White "McKellar, Daniel"]
[Black "Hakobyan, Sos"]
[Result "1/2-1/2"]
[WhiteElo "1461"]
[BlackElo "1889"]
[PlyCount "104"]
[EventDate "2015.??.??"]

1. e4 e6 2. d4 d5 3. e5 c5 4. c3 Nc6 5. Nf3 Qb6 6. a3 Nh6 7. b4 cxd4 8. b5 Na5
9. cxd4 Bd7 10. Nc3 Rc8 11. Bd2 Nc4 12. Bxc4 Rxc4 13. O-O Nf5 14. Ne2 Bxb5 15.
a4 Ba6 16. a5 Qc7 17. Rb1 Be7 18. g4 Nh4 19. Nxh4 Bxh4 20. Bb4 Rc2 21. Re1 Qc4
22. Ng3 Be7 23. Bxe7 Kxe7 24. h4 Qc3 25. Re3 Qd2 26. Qxd2 Rxd2 27. Reb3 Rd8 28.
Rb4 Rd7 29. Nh5 Ra2 30. Nxg7 Rxa5 31. Rc1 Bc4 32. Rcb1 b5 33. g5 Ra3 34. Kg2
Rd3 35. Nh5 Rxd4 36. Kg3 a5 37. Rxb5 Re4 38. Rxa5 Rxe5 39. Nf6 Rc7 40. Rb6 Rf5
41. Ra8 Rxf6 42. gxf6+ Kxf6 43. Kf4 Bd3 44. Ra3 Rc4+ 45. Kg3 Bf5 46. f4 h5 47.
Rb8 Rc2 48. Rg8 d4 49. Rd8 Rc3+ 50. Rxc3 dxc3 51. Rc8 c2 52. Kf3 Ke7 1/2-1/2

[Event "Mechanics' Fall TNM; G/2"]
[Site "San Francisco"]
[Date "2015.10.27"]
[Round "2.19"]
[White "McKellar, Daniel"]
[Black "Klinetobe, David"]
[Result "0-1"]
[WhiteElo "1596"]
[BlackElo "2000"]
[PlyCount "84"]
[EventDate "2015.??.??"]

1. e4 e6 2. d4 d5 3. Nc3 Bb4 4. exd5 exd5 5. Bd3 Nf6 6. Nge2 O-O 7. O-O c6 8.
Bg5 Bg4 9. f3 Bh5 10. Nf4 Bg6 11. Nxg6 hxg6 12. Ne2 Nbd7 13. f4 Bd6 14. c3 Qc7
15. Ng3 Rae8 16. Qf3 Nh7 17. Bh4 f5 18. Rf2 Ndf6 19. Bxf6 Nxf6 20. Nxf5 gxf5
21. Bxf5 Ne4 22. Qh5 Nf6 23. Qh3 Qf7 24. g4 g6 25. Rg2 Qh7 26. g5 Qxh3 27. Bxh3
Ne4 28. f5 gxf5 29. Rf1 f4 30. Rf3 Kg7 31. Bg4 Rh8 32. Bf5 Rh5 33. Bd7 Re7 34.
Rh3 Rxh3 35. Bxh3 f3 36. Rc2 f2+ 37. Kh1 Nxg5 38. Bf1 Ne4 39. Kg2 Rf7 40. Re2
Rf5 41. Kh1 Rh5 42. h3 Ng3+ 0-1

[Event "Mechanics' Leighton Allen TNM; G/2"]
[Site "San Francisco"]
[Date "2015.08.10"]
[Round "2.29"]
[White "McKellar, Daniel"]
[Black "Olson, David R"]
[Result "1-0"]
[WhiteElo "1615"]
[BlackElo "1400"]
[PlyCount "97"]
[EventDate "2015.??.??"]

1. d4 Nf6 2. c4 g6 3. Nc3 d5 4. cxd5 Nxd5 5. Nf3 Bg7 6. e4 Nf6 7. Bc4 Bg4 8.
Bxf7+ Kxf7 9. Ne5+ Kf8 10. Nxg4 Nxg4 11. Qxg4 Qxd4 12. O-O Nc6 13. Qf4+ Kg8 14.
Qxc7 Rd8 15. Qxb7 Ne5 16. Qb3+ Qc4 17. Be3 Rd7 18. Bxa7 Qxb3 19. axb3 Kf7 20.
Be3 Rb8 21. Na4 Nd3 22. Rad1 Rxb3 23. Rxd3 Rbxd3 24. Nc5 Bxb2 25. Nxd7 Rxd7 26.
f4 e6 27. g4 Rc7 28. Kg2 Rc2+ 29. Kg3 Rc3 30. Re1 Ba3 31. Kh4 Bd6 32. h3 Be7+
33. g5 h5 34. Bd4 Rb3 35. Re3 Rb1 36. Rc3 Rb7 37. Kg3 Rd7 38. Be5 Rb7 39. h4
Rd7 40. Rc7 Rd3+ 41. Kf2 Ke8 42. Rc8+ Bd8 43. Bf6 Rd7 44. Ke3 Rd1 45. Rxd8+
Rxd8 46. Bxd8 Kxd8 47. Kd4 Ke7 48. Ke5 Kf7 49. Kd6 1-0

[Event "Mechanics' Fall TNM; G/2"]
[Site "San Francisco"]
[Date "2015.11.17"]
[Round "5.35"]
[White "McKellar, Daniel"]
[Black "Olson, David R"]
[Result "1-0"]
[WhiteElo "1596"]
[BlackElo "1400"]
[PlyCount "57"]
[EventDate "2015.??.??"]

1. d4 g6 2. c4 Bg7 3. Nc3 Nc6 4. Nf3 Nh6 5. e4 O-O 6. Be2 e6 7. O-O b6 8. Bf4
a6 9. Qd2 Ng4 10. h3 Nf6 11. Bg5 Qe8 12. e5 Nh5 13. Ne4 f5 14. exf6 Nxf6 15.
Nxf6+ Bxf6 16. Bxf6 Rxf6 17. Rfe1 Qf7 18. d5 Ne7 19. dxe6 dxe6 20. Qd8+ Qf8 21.
Qxc7 e5 22. Rad1 Bf5 23. Qxe5 Re8 24. Qc3 Re6 25. Nd4 Rf6 26. Nxf5 Nxf5 27. Bf3
Nh4 28. Rxe8 Rxf3 29. Rxf8+ 1-0

[Event "Mechanics' Winter TNM; 30/90, SD/30"]
[Site "San Francisco"]
[Date "2015.02.03"]
[Round "5.37"]
[White "McKellar, Daniel"]
[Black "Purland, Matthew"]
[Result "1-0"]
[WhiteElo "1653"]
[BlackElo "1464"]
[PlyCount "45"]
[EventDate "2015.??.??"]

1. e4 e6 2. d4 d5 3. Nc3 dxe4 4. Nxe4 Bd7 5. Nf3 Bc6 6. Bd3 Nd7 7. O-O Ngf6 8.
Ng3 Bxf3 9. Qxf3 c6 10. c4 Be7 11. b3 Qa5 12. Bb2 O-O-O 13. Rfe1 Bb4 14. Rec1
c5 15. a3 Bd2 16. Rc2 Bh6 17. b4 Qb6 18. bxc5 Qb3 19. Bc3 e5 20. Rb2 e4 21.
Nxe4 Qxb2 22. Bxb2 Nxe4 23. Bxe4 1-0

[Event "Mechanics' Summer TNM; G/2"]
[Site "San Francisco"]
[Date "2015.07.07"]
[Round "7.28"]
[White "McKellar, Daniel"]
[Black "Robertson, Guy R"]
[Result "1-0"]
[WhiteElo "1642"]
[BlackElo "1461"]
[Annotator "Donaldson"]
[PlyCount "45"]
[EventDate "2015.??.??"]

1. e4 c5 2. Nf3 d6 3. d4 cxd4 4. Nxd4 Nf6 5. Nc3 a6 6. Be3 Nc6 7. f3 g6 8. Qd2
h5 9. O-O-O Bg7 10. Bc4 (10. Nd5 Nxd5 11. exd5 Nxd4 12. Bxd4 $14) 10... Qc7 11.
Bb3 Ne5 12. Qe2 (12. Bg5 Nc4 13. Qf2) 12... b5 13. h3 Nc4 {Diagram #} 14. Ndxb5
$1 axb5 15. Nxb5 Qa5 16. Qxc4 Be6 17. Nc7+ Kd8 18. Nxe6+ fxe6 19. Qc6 Ra6 20.
Qb7 Nd7 21. Bxe6 Qa4 22. Bxd7 Qxa2 23. Qc8# 1-0

[Event "Mechanics' Fall TNM; G/2"]
[Site "San Francisco"]
[Date "2015.12.15"]
[Round "9.30"]
[White "McKellar, Daniel"]
[Black "Simpkins, Jerry"]
[Result "0-1"]
[WhiteElo "1596"]
[BlackElo "1547"]
[Annotator "Donaldson"]
[PlyCount "74"]
[EventDate "2015.??.??"]

1. c4 e5 2. g3 Nc6 3. Bg2 Nf6 4. Nc3 Bc5 5. e3 d6 6. Nge2 Be6 $2 {Diagram [#]}
7. b3 $2 (7. d4 $1 {wins a piece.}) 7... O-O 8. O-O Qd7 9. Nd5 Bxd5 10. cxd5
Nb4 11. Nc3 Nd3 12. Qe2 Nxc1 13. Raxc1 Qe7 14. Nb5 a6 15. Nc3 e4 16. d3 exd3
17. Qxd3 Ng4 18. Ne4 Ne5 19. Qc3 Bb6 20. Rfe1 f5 21. Nd2 Rae8 22. Nc4 Nxc4 23.
bxc4 Qg5 24. Re2 h5 25. h4 Qg4 26. Rce1 (26. Rec2 $11) 26... f4 $1 27. gxf4
Qxh4 (27... Rxf4) 28. Qd3 Qg4 29. f3 $2 Qxf4 30. Kf1 Qg3 31. Bh1 Re5 32. Bg2 h4
33. f4 h3 34. Bxh3 Qxh3+ 35. Rg2 Rxf4+ $1 36. Kg1 Rxe3 37. Rxe3 Bxe3+ 0-1

[Event "Mechanics' Fall TNM; G/2"]
[Site "San Francisco"]
[Date "2015.11.24"]
[Round "6.28"]
[White "McKellar, Daniel"]
[Black "Smith, David A"]
[Result "1/2-1/2"]
[WhiteElo "1596"]
[BlackElo "1449"]
[Annotator "Donaldson"]
[PlyCount "69"]
[EventDate "2015.??.??"]

1. Nf3 Nf6 2. d4 d5 3. c4 c6 4. Nc3 Bf5 $2 {
Diagram # This is a well-known opening mistake. Black must choose between} (
4... e6) (4... a6) (4... dxc4) 5. Bf4 $2 (5. cxd5 $1 cxd5 (5... Nxd5 6. e3 $14)
6. Qb3 $1 Qb6 (6... b6 $2 7. e4 $1 dxe4 8. Ne5 Be6 9. Bb5+ Nbd7 10. d5 Bf5 11.
h3 h5 12. Bg5 a6 13. Bc6 Rb8 14. O-O $18) 7. Nxd5 Qxb3 (7... Nxd5 8. Qxd5 Qb4+
9. Bd2 Qxb2 10. Rc1) 8. Nxf6+ $14) 5... e6 6. e3 Nbd7 7. Be2 Be7 8. O-O O-O 9.
a3 Ne4 10. Nxe4 Bxe4 11. Nd2 Nf6 12. Nxe4 Nxe4 13. Qc2 Rc8 14. Rad1 Bg5 15.
Bxg5 Qxg5 16. Bd3 f5 17. Rde1 Nd6 18. c5 Nf7 19. f3 g6 20. e4 f4 21. exd5 exd5
22. Re6 Kg7 23. Rfe1 Rc7 24. b4 a6 25. a4 Nh6 26. R1e5 Nf5 27. Qe2 Rff7 28.
Bxf5 Rxf5 29. Re7+ Rxe7 30. Rxe7+ Rf7 31. Re5 Qf6 32. b5 axb5 33. axb5 Rc7 34.
bxc6 bxc6 35. Qe1 1/2-1/2

[Event "Mechanics' Spring TNM; G/2"]
[Site "San Francisco"]
[Date "2015.04.07"]
[Round "4.30"]
[White "McKellar, Daniel"]
[Black "Tokatyan, Shant"]
[Result "1/2-1/2"]
[WhiteElo "1674"]
[BlackElo "1109"]
[PlyCount "88"]
[EventDate "2015.??.??"]

1. e4 e6 2. d4 d5 3. Nc3 Nf6 4. Bg5 Be7 5. e5 Nfd7 6. Bxe7 Qxe7 7. f4 O-O 8.
Nf3 f6 9. Bd3 fxe5 10. fxe5 c5 11. dxc5 Qxc5 12. Qd2 Nc6 13. O-O-O Ndxe5 14.
Nxe5 Nxe5 15. Qg5 Nxd3+ 16. Rxd3 Qf2 17. Kb1 Qf6 18. Qg3 Qf4 19. Qh3 e5 20. g3
Bxh3 21. gxf4 Bf5 22. Rxd5 exf4 23. Rf1 Bh3 24. Rf2 f3 25. Kc1 Rae8 26. Rd3
Re1+ 27. Kd2 Rf1 28. Ke3 Rxf2 29. Kxf2 Bg2 30. Rd7 Rb8 31. Nd5 a6 32. Ne3 Bh3
33. Rc7 Be6 34. a3 Rc8 35. Rxb7 Rf8 36. Rb6 Bc8 37. c4 g5 38. Nd5 g4 39. b3 Kf7
40. Rf6+ Kg7 41. Rxf8 Kxf8 42. b4 Kf7 43. b5 axb5 44. cxb5 Ke6 {
and after 20 or so moves:} 1/2-1/2

[Event "Mechanics' Winter TNM; 30/90, SD/30"]
[Site "San Francisco"]
[Date "2015.02.17"]
[Round "7.19"]
[White "McKellar, Daniel"]
[Black "Uzzaman, Ashik"]
[Result "0-1"]
[WhiteElo "1653"]
[BlackElo "1938"]
[PlyCount "136"]
[EventDate "2015.??.??"]

1. e4 c5 2. Nf3 g6 3. d4 cxd4 4. Nxd4 Nf6 5. Nc3 d6 6. Be3 a6 7. f3 b5 8. Qd2
Bb7 9. O-O-O Nbd7 10. Nb3 Rc8 11. h4 h5 12. Kb1 Bg7 13. Bd4 O-O 14. Nd5 Bxd5
15. exd5 Nb6 16. Bxf6 Bxf6 17. Na5 Na4 18. Nc6 Rxc6 19. dxc6 Nxb2 20. Be2 Qc7
21. Qd5 Nxd1 22. Bxd1 Rc8 23. g4 Qxc6 24. Qxc6 Rxc6 25. gxh5 gxh5 26. Be2 Rc3
27. f4 Rc5 28. Bd3 Kf8 29. Rh3 Ke8 30. f5 Re5 31. Rh1 Re3 32. Kc1 Rf3 33. Be4
Rf4 34. Bb7 Rxf5 35. Bxa6 Kd7 36. Bb7 d5 37. Kd2 e6 38. Rb1 d4 39. Rh1 Kc7 40.
Be4 Rf4 41. Bd3 b4 42. Be2 Rxh4 43. Rxh4 Bxh4 44. Bxh5 f6 45. Kd3 e5 46. Bg6
Kd6 47. Bf5 Kd5 48. Bg6 Ke6 49. Ke4 Be1 50. Bf5+ Kd6 51. Kd3 Bc3 52. Kc4 Kc6
53. Be4+ Kb6 54. Bf5 Ka5 55. Kb3 Kb5 56. Bg6 Kc5 57. Be4 Bd2 58. Bd3 Kd5 59.
Bc4+ Ke4 60. Bd3+ Kf4 61. Kc4 f5 62. Be2 Ke3 63. Bd1 e4 64. Bh5 f4 65. Bg4 f3
66. Bh3 Bc3 67. Kd5 Kf4 68. Bf1 e3 0-1

[Event "Mechanics' Summer TNM; G/2"]
[Site "San Francisco"]
[Date "2015.05.26"]
[Round "1.4"]
[White "McKellar, Daniel"]
[Black "Vickers, Keith"]
[Result "0-1"]
[WhiteElo "1642"]
[BlackElo "2200"]
[PlyCount "100"]
[EventDate "2015.??.??"]

1. e4 Nc6 2. Nf3 d5 3. exd5 Qxd5 4. Nc3 Qa5 5. d4 Bg4 6. Be2 O-O-O 7. Be3 e5 8.
Nxe5 Bxe2 9. Nxc6 Bxd1 10. Nxa5 Bxc2 11. O-O Bb4 12. Rac1 Bxa5 13. Rxc2 Ne7 14.
Rd1 Nd5 15. Nxd5 Rxd5 16. Rc5 Rhd8 17. Rxd5 Rxd5 18. h3 Kd7 19. Kf1 c5 20. Ke2
c4 21. Bd2 Bxd2 22. Rxd2 Ra5 23. b3 cxb3 24. axb3 Rb5 25. Rd3 Kd6 26. Ke3 Kd5
27. Rc3 b6 28. g4 Rb4 29. Rd3 g5 30. f3 a5 31. Rc3 Rxd4 32. Rc7 Rf4 33. h4 h6
34. hxg5 hxg5 35. Rb7 Kc5 36. Re7 Kb4 37. Re5 f6 38. Re6 b5 39. Rb6 a4 40. bxa4
Kxa4 41. Ra6+ Kb3 42. Rb6 b4 43. Rd6 Ka3 44. Ra6+ Kb2 45. Ra4 Kc3 46. Ra6 b3
47. Rc6+ Rc4 48. Rxf6 b2 49. Rb6 Rb4 50. Rc6+ Kb3 0-1

[Event "Mechanics' Summer TNM; G/2"]
[Site "San Francisco"]
[Date "2015.06.09"]
[Round "3.23"]
[White "Melville, Cailen J"]
[Black "Allen, Tom Carter"]
[Result "1-0"]
[WhiteElo "1783"]
[BlackElo "1491"]
[PlyCount "67"]
[EventDate "2015.??.??"]

1. d4 Nf6 2. c4 e5 3. dxe5 Ng4 4. Nc3 Nxe5 5. e3 Bb4 6. f4 Ng6 7. Nge2 O-O 8.
a3 Be7 9. Ng3 Bh4 10. e4 d6 11. Be3 Nd7 12. Qc2 Nf6 13. O-O-O Ng4 14. Qd3 Nxe3
15. Qxe3 Qf6 16. Nh5 Qe7 17. Nd5 Qd8 18. Qd4 f6 19. Be2 c5 20. Qe3 f5 21. e5
Re8 22. g3 Be7 23. Rhe1 Bd7 24. Qc3 dxe5 25. Bd3 Rc8 26. fxe5 Bg5+ 27. Ndf4
Bxf4+ 28. gxf4 Qh4 29. e6 Qxh5 30. exd7 Nxf4 31. Bxf5 Rxe1 32. dxc8=Q+ Re8 33.
Bxh7+ Kxh7 34. Qc2+ 1-0

[Event "Mechanics' Leighton Allen TNM; G/2"]
[Site "San Francisco"]
[Date "2015.08.25"]
[Round "4.26"]
[White "Melville, Cailen J"]
[Black "Brown, Nicholas M"]
[Result "1/2-1/2"]
[WhiteElo "1809"]
[BlackElo "1451"]
[PlyCount "44"]
[EventDate "2015.??.??"]

1. d4 d5 2. c4 e6 3. Nf3 Nf6 4. g3 Be7 5. Bg2 dxc4 6. Ne5 O-O 7. O-O c5 8. dxc5
Bxc5 9. Qc2 Nbd7 10. Rd1 Rb8 11. Bg5 b5 12. Nc6 Qb6 13. Bxf6 Nxf6 14. Nxb8
Bxf2+ 15. Kh1 Qxb8 16. Nd2 Ng4 17. Nf1 Bb7 18. e4 Bb6 19. Rd2 Qc7 20. Re1 f5
21. Bh3 Nf6 22. Rde2 fxe4 {
Black is much better and should have continued playing.} 1/2-1/2

[Event "Mechanics' Fall TNM; G/2"]
[Site "San Francisco"]
[Date "2015.12.08"]
[Round "8.19"]
[White "Melville, Cailen J"]
[Black "Eastham, Asher Dan"]
[Result "1-0"]
[WhiteElo "1816"]
[BlackElo "1462"]
[PlyCount "43"]
[EventDate "2015.??.??"]

1. d4 d5 2. c4 e6 3. Nf3 Nf6 4. g3 Be7 5. Bg2 O-O 6. O-O c5 7. Nc3 Nc6 8. a3 b6
9. cxd5 exd5 10. dxc5 Bxc5 11. b4 Be7 12. Qb3 h6 13. Rd1 Be6 14. Ne1 Qd7 15.
Nxd5 Rac8 16. e4 Bxd5 17. exd5 Rfd8 18. Bxh6 Nxb4 19. Bxg7 Nbxd5 20. Bxf6 Bxf6
21. Rxd5 Rc3 22. Rxd7 1-0

[Event "Mechanics' Summer TNM; G/2"]
[Site "San Francisco"]
[Date "2015.07.14"]
[Round "8.22"]
[White "Melville, Cailen J"]
[Black "Handler, Andrew"]
[Result "1-0"]
[WhiteElo "1783"]
[BlackElo "1663"]
[PlyCount "93"]
[EventDate "2015.??.??"]

1. d4 e6 2. c4 f5 3. g3 Nf6 4. Bg2 Be7 5. Nh3 O-O 6. O-O d6 7. Qc2 e5 8. dxe5
dxe5 9. Rd1 Qe8 10. b3 Nc6 11. Bb2 Qh5 12. Qc3 f4 13. gxf4 Bxh3 14. Qxh3 Qxh3
15. Bxh3 exf4 16. Nd2 Rad8 17. Nf3 Ne4 18. Be6+ Kh8 19. Bd5 Ng5 20. Nxg5 Bxg5
21. Bxc6 bxc6 22. Be5 Rxd1+ 23. Rxd1 Re8 24. Bxc7 Rxe2 25. Bxf4 h6 26. Bxg5
hxg5 27. a3 Ra2 28. a4 Rb2 29. Rd3 Kh7 30. Kg2 c5 31. h3 Kg6 32. Kg3 Kh5 33. f3
Rb1 34. Rd5 Rxb3 35. h4 Rb4 36. Rxc5 Rxa4 37. hxg5 Ra1 38. Kf4 Kg6 39. Rc6+ Kh5
40. Kf5 a5 41. Rc7 Kh4 42. Rxg7 Rc1 43. Rh7+ Kg3 44. g6 Kxf3 45. g7 Rg1 46. Kf6
Rg4 47. Rh8 1-0

[Event "Mechanics' Fall TNM; G/2"]
[Site "San Francisco"]
[Date "2015.11.24"]
[Round "6.21"]
[White "Melville, Cailen J"]
[Black "Kuczek, Kevin W"]
[Result "0-1"]
[WhiteElo "1816"]
[BlackElo "1611"]
[PlyCount "44"]
[EventDate "2015.??.??"]

1. d4 Nf6 2. c4 e6 3. g3 c5 4. Nf3 cxd4 5. Nxd4 Nc6 6. Nc3 Bb4 7. Bg2 Qa5 8.
Ndb5 O-O 9. O-O a6 10. Nd6 Qc7 11. e4 Bxd6 12. f4 Bc5+ 13. Kh1 d6 14. g4 d5 15.
cxd5 exd5 16. e5 Nxg4 17. Nxd5 Qd8 18. Qc2 Qh4 19. h3 Nf2+ 20. Kh2 Ba7 21. Qb3
Be6 22. Qxb7 Bxd5 0-1

[Event "Mechanics' Summer TNM; G/2"]
[Site "San Francisco"]
[Date "2015.05.26"]
[Round "1.26"]
[White "Melville, Cailen J"]
[Black "Olson, David R"]
[Result "1-0"]
[WhiteElo "1783"]
[BlackElo "1400"]
[Annotator "Donaldson"]
[PlyCount "51"]
[EventDate "2015.??.??"]

1. d4 Nf6 2. c4 d5 3. cxd5 Nxd5 4. Nf3 $1 (4. e4 $6 Nf6 5. Nc3 e5 $1) 4... g6
5. e4 Nf6 6. Nc3 Bg7 7. Bc4 e6 8. Bg5 h6 9. Be3 O-O 10. Qd2 Ng4 11. Bf4 Kh7 12.
e5 h5 13. Ne4 f5 14. Neg5+ Kg8 15. h3 Bh6 16. hxg4 fxg4 17. Nxe6 Bxf4 18. Nxd8+
Kh8 19. Qb4 Rxd8 20. Qe7 Nc6 21. Qf6+ Kh7 22. Qf7+ Kh6 23. Qxf4+ Kg7 24. Qf6+
Kh7 {Diagram #} 25. Rxh5+ gxh5 26. Ng5# 1-0

[Event "Mechanics' Leighton Allen TNM; G/2"]
[Site "San Francisco"]
[Date "2015.09.22"]
[Round "8.17"]
[White "Melville, Cailen J"]
[Black "Rakonitz, David"]
[Result "1-0"]
[WhiteElo "1809"]
[BlackElo "1613"]
[Annotator "Donaldson"]
[PlyCount "55"]
[EventDate "2015.??.??"]

1. d4 Nf6 2. c4 e6 3. g3 d5 4. Nf3 b6 5. cxd5 exd5 6. Bg2 Bb7 7. Nc3 Be7 8. O-O
O-O 9. Ne5 Nfd7 $2 (9... Na6 {, as played by Karpov in the 1970s. Black will
follow with ...c5 and then transfer the knight to e6 via c7.}) 10. Nxd5 Nxe5 (
10... c6) 11. Nxe7+ Qxe7 12. Bxb7 Ned7 13. Bxa8 c6 14. d5 Ne5 15. Qc2 Rc8 16.
Bf4 Nbd7 17. Bb7 Re8 18. dxc6 Nc5 19. Qf5 f6 20. Bxe5 fxe5 21. Rad1 Rf8 22. Qg4
Qf6 23. b4 Nxb7 24. cxb7 Qc6 25. Rd7 g6 26. Rfd1 Qf6 27. f3 b5 28. R1d6 1-0

[Event "Mechanics' Fall TNM; G/2"]
[Site "San Francisco"]
[Date "2015.11.03"]
[Round "3.5"]
[White "Melville, Cailen J"]
[Black "Steger, Eric Alan"]
[Result "0-1"]
[WhiteElo "1816"]
[BlackElo "2014"]
[Annotator "Donaldson"]
[PlyCount "88"]
[EventDate "2015.??.??"]

1. d4 Nf6 2. c4 g6 3. Bg5 Bg7 4. Nc3 O-O 5. e4 c5 6. d5 d6 7. f3 h6 8. Be3 e6
9. Qd2 exd5 10. cxd5 Re8 11. Bxh6 $2 {Diagram [#]} (11. Nge2) 11... Nxe4 $1 12.
Nxe4 Qh4+ 13. g3 Qxh6 14. O-O-O Qxd2+ 15. Kxd2 Bxb2 (15... Re5) (15... Rd8) 16.
Kc2 Bg7 17. Nxd6 Rd8 18. Nxc8 Rxc8 19. Nh3 Rd8 20. Bg2 Na6 21. f4 Rd6 22. Rhe1
Nb4+ 23. Kb1 Rb6 24. Re2 Nxd5+ 25. Kc2 Rb2+ 26. Kc1 Rxe2 27. Bxd5 Bf6 28. f5 g5
29. Bxb7 Rb8 30. Rd7 Rxh2 31. Ng1 Rxb7 32. Rxb7 Rh1 33. Rxa7 Rxg1+ 34. Kc2 Rxg3
35. a4 Ra3 36. a5 Kg7 37. Ra8 c4 38. a6 Bd4 39. Kd2 Kf6 40. Rd8 Ra2+ 41. Kc1
Ke5 42. Rh8 Rxa6 43. Kb1 Kxf5 44. Rh5 Re6 0-1

[Event "Mechanics' Fall TNM; G/2"]
[Site "San Francisco"]
[Date "2015.10.20"]
[Round "1.27"]
[White "Melville, Cailen J"]
[Black "Tan, Jacky T"]
[Result "1-0"]
[WhiteElo "1816"]
[BlackElo "1112"]
[PlyCount "81"]
[EventDate "2015.??.??"]

1. d4 Nf6 2. c4 e6 3. g3 d5 4. Nf3 Nc6 5. Bg2 dxc4 6. Qa4 Bd7 7. Qxc4 Ne4 8.
O-O Nd6 9. Qc2 Rb8 10. a3 Nf5 11. Rd1 Qf6 12. e3 Bd6 13. Nc3 h6 14. b4 Qg6 15.
e4 Nfe7 16. Qd2 Nc8 17. Nh4 Qh7 18. e5 Be7 19. Be4 Qg8 20. Nf3 Nb6 21. Qe2 g5
22. Bb2 g4 23. Ne1 h5 24. Nc2 h4 25. Rf1 Qg5 26. Rad1 f5 27. exf6 Bxf6 28. Qd3
Nc4 29. Bg6+ Ke7 30. Bc1 Nb2 31. Bxb2 Rbg8 32. Bh7 Rf8 33. Bc1 Qh5 34. Bg6 hxg3
35. Bxh5 Rxh5 36. fxg3 Rxh2 37. Kxh2 Rh8+ 38. Kg2 Nxd4 39. Nxd4 Bxd4 40. Qxd4
Bc6+ 41. Ne4 1-0

[Event "Mechanics' Leighton Allen TNM; G/2"]
[Site "San Francisco"]
[Date "2015.09.08"]
[Round "6.20"]
[White "Melville, Cailen J"]
[Black "Yamamoto, Craig"]
[Result "1-0"]
[WhiteElo "1809"]
[BlackElo "1535"]
[PlyCount "69"]
[EventDate "2015.??.??"]

1. d4 f5 2. c4 Nf6 3. g3 e6 4. Bg2 d5 5. Nh3 Be7 6. O-O O-O 7. Qc2 c6 8. Nf4
Re8 9. Nd3 Nbd7 10. Bf4 Ne4 11. f3 Nef6 12. Nd2 dxc4 13. Nxc4 Nd5 14. Bd2 c5
15. e4 fxe4 16. fxe4 Nb4 17. Bxb4 cxb4 18. Rad1 Qc7 19. Qb3 a5 20. Nf4 Bf8 21.
e5 Nb6 22. Ne3 Bd7 23. Bh3 a4 24. Qd3 Ra5 25. Rc1 Qd8 26. Qe4 Qe7 27. Qxb7 Rb5
28. Rc7 Rd8 29. Bxe6+ Kh8 30. Qg2 g5 31. Nf5 Qe8 32. Bxd7 Rxd7 33. Qc6 Rd8 34.
Qf6+ Kg8 35. Rg7+ 1-0

[Event "Mechanics' Summer TNM; G/2"]
[Site "San Francisco"]
[Date "2015.06.16"]
[Round "4.25"]
[White "Mondal, Aniket"]
[Black "Newey, Richard H"]
[Result "0-1"]
[WhiteElo "800"]
[BlackElo "1795"]
[PlyCount "116"]
[EventDate "2015.??.??"]

1. e4 c5 2. Nf3 d6 3. Bb5+ Nd7 4. O-O a6 5. Bxd7+ Bxd7 6. d4 cxd4 7. Nxd4 g6 8.
Nc3 Bg7 9. Re1 Rc8 10. Bg5 Qb6 11. Nb3 Rxc3 12. bxc3 Bxc3 13. Re3 Bxa1 14. Qxa1
f6 15. Rd3 Qb4 16. Rd4 Qb5 17. Be3 Bc6 18. a4 Qh5 19. Qc3 Nh6 20. Bxh6 Qxh6 21.
Rd2 Qf4 22. f3 O-O 23. Nd4 Bd7 24. Rd1 Rc8 25. Qb3+ Kf8 26. Qxb7 Qe3+ 27. Kh1
Rc4 28. Qxd7 Rxd4 29. Rg1 Rc4 30. Rb1 Kf7 31. Qb7 Qc3 32. Qd5+ Kf8 33. Rb8+ Rc8
34. Rxc8+ Qxc8 35. Qd3 Qb7 36. Qb3 Qa7 37. a5 Qd4 38. Qb8+ Kg7 39. Qb1 Qc3 40.
Qb6 Qe1+ 41. Qg1 Qxa5 42. h3 Qc5 43. Qb1 Qb5 44. Qa1 a5 45. g4 Qe5 46. Qa4 Qc3
47. Qe8 Qxf3+ 48. Kh2 Qxe4 49. Kg3 Qe3+ 50. Kg2 Qa7 51. Kf3 a4 52. Ke2 a3 53.
Kd3 a2 54. Kc4 Qc7+ 55. Kd3 a1=Q 56. g5 Qcc3+ 57. Ke4 Qh1+ 58. Kf4 Qhf3# 0-1

[Event "Mechanics' Summer TNM; G/2"]
[Site "San Francisco"]
[Date "2015.06.16"]
[Round "4.20"]
[White "Montoya, Daniel"]
[Black "Argo, Guy M"]
[Result "0-1"]
[WhiteElo "1601"]
[BlackElo "1893"]
[Annotator "Donaldson"]
[PlyCount "70"]
[EventDate "2015.??.??"]

1. d4 e6 2. Bf4 c5 3. e3 (3. c3 Qb6 4. Qb3) 3... Qb6 4. Nd2 (4. b3) 4... cxd4
5. exd4 Qxd4 6. Be3 Qxb2 7. Bd3 Nf6 8. Ngf3 Nd5 9. Bd4 Nc3 10. Bxc3 Qxc3 11.
O-O d5 12. Re1 Be7 13. Re3 Nc6 14. Nb3 Qf6 15. Nfd4 O-O 16. Rf3 Qe5 17. Re3 Qf4
18. Rf3 Qg4 19. Bxh7+ $1 Kxh7 20. Rh3+ Qxh3 21. gxh3 Rh8 22. Qd3+ Kg8 23. Re1
$6 (23. Nxc6 $11 bxc6 24. Qg3 Bf6 (24... Ba6 25. Qc7 Bf6 26. Qxc6 Rb8 27. Re1)
25. Qc7 Bxa1 26. Qd8+ Kh7 27. Qh4+) 23... Bd7 24. Nf3 $2 Rxh3 25. Re3 Rxf3 26.
Rxf3 Ne5 27. Qe3 Nxf3+ 28. Qxf3 Rc8 29. Qd3 Bf6 30. Nd4 Rc4 31. Nf3 Bb5 32. Qb3
a6 33. h3 Rc3 34. Qb4 Rxf3 35. a4 Bc6 0-1

[Event "Mechanics' Winter TNM; 30/90, SD/30"]
[Site "San Francisco"]
[Date "2015.02.10"]
[Round "6.23"]
[White "Montoya, Daniel"]
[Black "Clemens, Kristian"]
[Result "1/2-1/2"]
[WhiteElo "1615"]
[BlackElo "1826"]
[PlyCount "86"]
[EventDate "2015.??.??"]

1. d4 d5 2. Bf4 Nf6 3. Nf3 Bf5 4. e3 e6 5. c4 Bb4+ 6. Nc3 O-O 7. Be2 Ne4 8. Qb3
c5 9. O-O Nc6 10. Nxe4 dxe4 11. Ne5 Nxe5 12. Bxe5 Qb6 13. a3 Ba5 14. Qxb6 Bxb6
15. dxc5 Bxc5 16. b4 Be7 17. Rfd1 Rfd8 18. Kf1 a5 19. Rxd8+ Bxd8 20. b5 Be7 21.
Bc3 f6 22. Ke1 e5 23. Kd1 b6 24. Kc2 Rc8 25. Kb3 Be6 26. Rd1 a4+ 27. Kxa4 Ra8+
28. Kb3 Rxa3+ 29. Kb2 Kf7 30. Ra1 Rxa1 31. Kxa1 Bc5 32. Kb2 Ke7 33. Kb3 Kd6 34.
Bb4 f5 35. g3 g5 36. h3 f4 37. Bg4 Bxg4 38. hxg4 Bxb4 39. Kxb4 h6 40. Kc3 Kc7
41. Kb4 Kd6 42. Ka4 Kc7 43. Kb4 Kd6 1/2-1/2